000 00419nam a22001457a 4500
082 _a331.762000973SCH
100 _aSchott, Richard L.
245 _aProfessionals in public services
260 _aLondon
_bSage
_c1973
300 _a59p
_bill,:25cm
500 _aInclude Reference and Appendix
650 _aThe characteristics and education of enginner federal executive
700 _aSchott, Richard L.
942 _cBK
999 _c14953
_d14953